000 01650nam a2200361 i 4500
001 768714001
003 CO-MdFUSB
005 20250526162430.0
007 ta
008 240813t1991 cr |||| |||| 00| 0 spa d
020 _a9977830479
040 _aCO-MdFUSB
_bspa
_cCO-MdFUSB
_dCO-MdFUSBC
_erda
041 _aspa
082 _223
_a305.80098
_bM674
100 _aMires, Fernando,
_eautor
245 1 3 _aEl Discurso de la indianidad :
_bla cuestión indígena en América Latina
_c/ Fernando Mires
264 1 _bDepartamento Ecuménico de Investigaciones,
_aSan Jose de Costa Rica :
_c[1991]
264 4 _c©1991
300 _a167 páginas
_c; 21 cm
336 _2rdacontent
_atexto
_btxt
337 _2rdamedia
_asin mediación
_bn
338 _2rdacarrier
_avolumen
_bnc
505 _a¿Quién es un indio? (o la bancarrota de la etnología). -- El descubrimiento del indio. -- El autodescubrimiento del indio. -- El redescubrimiento del indio. -- Excurso: el mito del pecado original y el evolucionismo histórico. -- Escurso: la superación de las polémicas teóricas mediante la investigación concreta: el caso de las culturas andinas. -- Excurso: ¿las causas de la derrota? -- Excurso: el mito y el libro. -- Excurso: el colapso del indigenismo clasista.
563 _aRústico
653 _aHistoria de América
653 _aIndios de América
653 _aIndígenas de América -- Identidad.
653 _a Identidad étnica -- América Latina.
653 _aIndígenas de América -- América Latina -- Condiciones sociales.
653 _aDiscurso político -- América Latina.
942 _cBK
945 _aJTF-925
999 _c70786
_d70786